Islam: its meaning and message/ (Record no. 100730)
[ view plain ]
| 000 -LEADER | |
|---|---|
| fixed length control field | 00395nam a22001457a 4500 |
| 005 - DATE AND TIME OF LATEST TRANSACTION | |
| control field | 20200513101458.0 |
| 008 - FIXED-LENGTH DATA ELEMENTS--GENERAL INFORMATION | |
| fixed length control field | 171212b xxu||||| |||| 00| 0 eng d |
| 020 ## - INTERNATIONAL STANDARD BOOK NUMBER | |
| International Standard Book Number | 0860372871 |
| 040 ## - CATALOGING SOURCE | |
| Transcribing agency | PK-LaUMT |
| 082 ## - DEWEY DECIMAL CLASSIFICATION NUMBER | |
| Classification number | PKAC 297 |
| Item number | ISL- |
| 245 ## - TITLE STATEMENT | |
| Title | Islam: its meaning and message/ |
| Statement of responsibility, etc | Khurshid Ahmad(Editor) |
| 260 ## - PUBLICATION, DISTRIBUTION, ETC. (IMPRINT) | |
| Place of publication, distribution, etc | Leicesther: |
| Name of publisher, distributor, etc | The Islamic foundation, |
| Date of publication, distribution, etc | 1992 |
| 300 ## - PHYSICAL DESCRIPTION | |
| Extent | 283 p. |
| 942 ## - ADDED ENTRY ELEMENTS (KOHA) | |
| Koha item type | Books |
| Withdrawn status | Lost status | Damaged status | Home library | Current library | Date acquired | Full call number | Barcode | Date last seen | Price effective from | Koha item type |
|---|---|---|---|---|---|---|---|---|---|---|
| UMT Main Campus | UMT Main Campus | 2017-12-12 | PKAC 297 ISL- | 116552 | 2017-12-12 | 2017-12-12 | Books |
